College Quizbowl Stats
College Quizbowl Stats
Circuits
Seasons
Sets
Records
Detailed Stats
About
Loading...
2024 ARGOS @ Columbia
Tossups
Bonuses
Players
Teams
Categories (Tossup)
Categories (Bonus)
Fierro Grey
NJ TRANSit (and bobby i guess)
Categories
Category
Powers
Gets
Negs
BBs
Points
Earliest Buzz
Avg. Buzz
First Buzzes
Top 3 Buzzes
Fine Arts - Auditory Fine Arts
0
3
2
1
20
102
129.33
0
3
Fine Arts - Visual Fine Arts
0
1
0
1
10
161
161.00
0
1
History - American History
0
1
0
1
10
145
145.00
1
1
Social Science
0
1
0
1
10
128
128.00
0
1
Buzzes
Category
Answer
Value
Buzz Position
Fine Arts - Auditory Fine Arts
Scott Joplin
10
102
Fine Arts - Auditory Fine Arts
“A Mighty Fortress Is Our God”
-5
125
Social Science
motivation
10
128
History - American History
Detroit
0
134
Fine Arts - Auditory Fine Arts
Carl Philip Emmanuel Bach
10
137
Fine Arts - Auditory Fine Arts
“Ornithology”
0
141
History - American History
Narragansett people
10
145
Fine Arts - Auditory Fine Arts
Antonin Dvořák’s Cello Concerto in B minor, op. 104
10
149
Fine Arts - Auditory Fine Arts
Joaquin
-5
156
Fine Arts - Visual Fine Arts
Hong Kong policeman
10
161
Previous
1
Next